000 00650cam a22002053a 4500
001 42360
003 PGUSA
005 20140828083947.0
008 130318s2013||||xxu|||||s|||||000 | eng d
040 _aPGUSA
_beng
042 _adc
100 1 _aMacduff, John R.
_q(John Ross),
_d1818-1895
245 1 4 _aThe Hart and the Water-Brooks; :
_ba practical exposition of the forty-second psalm.
_h[electronic resource] /
_cJohn R. Macduff
260 _bProject Gutenberg,
_c2013
506 _aPublic domain in the USA.
516 _aElectronic text
830 0 _aProject Gutenberg
_v42360
856 4 0 _uhttp://www.gutenberg.org/ebooks/42360
942 _cEB
999 _c271612
_d271612